Normal view MARC view

Entry Personal Name

Number of records used in: 1

001 - CONTROL NUMBER

  • control field: 17994

003 - CONTROL NUMBER IDENTIFIER

  • control field: OSt

005 - DATE AND TIME OF LATEST TRANSACTION

  • control field: 20240626111506.0

008 - FIXED-LENGTH DATA ELEMENTS

  • fixed length control field: 240626|| aca||aabn | a|a d

040 ## - CATALOGING SOURCE

  • Original cataloging agency: OSt
  • Transcribing agency: OSt

100 ## - HEADING--PERSONAL NAME

  • Personal name: Edited by Shailaja Fennell; Madeleine, Arnot

670 ## - SOURCE DATA FOUND

  • Source citation: Work cat.: (OSt)8898: Edited by Shailaja Fennell; Madeleine, Arnot, Gender Education and Equality in a Global Context: conceptual frameworks and policy perspectives, 2008